"I Dreamed a Dream" (Les Miserables) Lyrics - Statistics

General Stats
  • This quiz has been taken 5,310 times
  • The average score is 14 of 17
Answer Stats
Hint Answer % Correct
And life worth ______, I dreamed that love would never die living
97%
And their words inviting, there was a time when ____ was blind love
93%
I had a dream my life would be, so different from this ____ I'm living hell
90%
There was a ____, then it all went wrong time
90%
There was a time when ___ were kind, when their voices were soft men
89%
No song unsung, no ____ untasted wine
89%
But there are _______ that cannot be, and there are storms we cannot weather dreams
86%
But the _____ come at night, with their voices soft as thunder tigers
85%
I dreamed that ___ would be forgiving, then I was young and unafraid god
83%
As they tear your hope apart, as they turn your dream to _____ shame
82%
He slept a ______ by my side, he filled my days with endless wonder summer
81%
I dreamed a dream in time gone by, when ____ was high hope
80%
And dreams were made and used and ______, there was no ransom to be paid wasted
80%
He took my ________ in his stride, but he was gone when autumn came childhood
79%
And still I dream he'll come to me, that we will live the ____ together years
77%
So different now from what it _______, now life has killed the dream I dreamed. seemed
73%
And the world was a song, and the song was ________ exciting
64%
No matching quizzes found
Score Distribution
Percent of People with Each Score
Percentile by Number Answered
Your Score History
You have not taken this quiz